| 000 | 00777nam a2200241 i 4500 | ||
|---|---|---|---|
| 001 | 88769 | ||
| 003 | ES-MaACL | ||
| 005 | 20230906175927.0 | ||
| 007 | t| | ||
| 008 | 041215s1999 sp ||||1| spa d | ||
| 020 | _a84-08-03090-6 | ||
| 080 | _a821.14-21"04" | ||
| 100 | 0 |
_aSófocles. _9107023 |
|
| 245 | 1 | 0 |
_aTragedias / _cSófocles ; introducciones y versión rítmica de Manuel Fernández-Galiano. |
| 250 | _a1ª ed. en esta presentación. | ||
| 260 |
_aBarcelona : _bPlaneta, _c1999. |
||
| 300 |
_aLVII, 475 p. ; _c19 cm. |
||
| 490 | 1 |
_aClásicos universales Planeta ; _v40 |
|
| 700 | 1 |
_aFernández-Galiano, Manuel ( _d1918-1988) _9150962 |
|
| 830 | 0 |
_aClásicos universales Planeta ; _v40 _9178015 |
|
| 852 |
_aES-MaACL _jE-10623 _bR.134803 |
||
| 999 |
_c88769 _d88769 |
||